000 00854nab a2200205 i 4500
001 768714001
003 CO-MdFUSB
005 20240506102453.0
008 240430t1965 sp ||||| |||| 00| 0 spa d
040 _bspa
_cCO-MdFUSB
_dCO-MdFUSB
041 _aspa
100 _aMetz, Johann-Baptist,
_eautor
245 3 _aLa incredulidad como problema teológico
_c/ Johann-Baptist Metz
520 _aObservaciones sobre el problema de la incredulidad en cuanto lleva de forma permanente a la existencia creyente y eclesial a interrogarse sobre sí misma.
650 7 _aTeología dogmática
_96937
653 _aIncredulidad
773 0 _049450
_982564
_oR2496
_tRevista internacional de teología Concilium
_w(CO-MdFUSB)8
_x0210-1041
_gNúmero 6, (junio, 1965), páginas: 63 - 83
_qpágina: 63
942 _cANA
945 _aCatherine Arias Álvarez practicante SENA
999 _c69457
_d69457